Longest Deltarune Songs - Statistics

General Stats
  • This quiz has been taken 123 times
  • The average score is 13 of 27
Answer Stats
Chapter Length Track % Correct
4 3:46 GUARDIAN
89%
2 2:00 Attack of the Killer Queen
86%
2 2:22 BIG SHOT
85%
4 4:07 The Third Sanctuary
85%
4 2:47 The Second Sanctuary
84%
3 2:45 It's TV Time!
80%
4 2:13 Hammer of Justice
78%
1 2:41 Field of Hopes and Dreams
60%
3 2:09 TV WORLD
60%
2 2:46 A CYBER'S WORLD?
54%
4 2:18 A DARK ZONE
53%
4 2:19 Another day in hometown
43%
2 2:26 Knock You Down !!
43%
4 2:18 Knock You Down !! (Rhythm Ver.)
43%
3 2:22 Raise Up Your Bat
42%
1 2:08 Scarlet Forest
42%
4 2:49 Crumbling Tower
40%
3 2:00 Vapor Buster
30%
4 2:37 Fireplace
28%
4 2:00 Airwaves
25%
2 2:07 My Castle Town
25%
4 2:57 Castle Funk
23%
4 2:31 Ripple
23%
4 2:53 The place where it rained
23%
3 2:12 SWORD
21%
1 2:40 Friendship
20%
3 2:31 Paradise, Paradise
19%
No matching quizzes found
Score Distribution
Percent of People with Each Score
Percentile by Number Answered
Your Score History
You have not taken this quiz